000 00688nam a2200253Ia 4500
003 OSt
005 20220924122349.0
006 a|||||r|||| 00| 0
007 ta
008 220923b |||||||| |||| 00| 0 urd d
020 _c60
024 _a319274
037 _cTextual
040 _aARTS
_cARTS
_burd
041 _2urd
_aurd
082 _aO168,3NMU,6.1, M9
100 _aShaikh Mohammad enged Au.
_9189249
245 0 _aTalafi
260 _aLahore
_bSang-e-meel publications India
_c1989
300 _a176p.
_ccm.
650 _aURDU FICTION
_93298
942 _hO168,3NMU,6.1, M9
_cTEXL
_2CC
999 _c411346
_d411346